[Event "GRE Masters Reserves"]
[Site "London"]
[Date "1973.12.18"]
[Round "7"]
[White "Nunn, John DM"]
[Black "Clarke, Peter Hugh"]
[Result "1-0"]
[WhiteElo "2300"]
[BlackElo "2360"]
[PlyCount "87"]
[EventDate "1973.12.11"]
[EventType "tourn"]
[EventRounds "9"]
[EventCountry "ENG"]
[SourceTitle "BritBase"]
[Source "John Saunders"]
[SourceDate "2021.07.20"]
[SourceVersion "1"]
[SourceVersionDate "2021.07.20"]
[SourceQuality "1"]

1. e4 e5 2. Nf3 Nf6 3. d4 Nxe4 4. Bd3 d5 5. Nxe5 Bd6 6. O-O O-O 7. Nd2 Nc6 8.
Nxe4 dxe4 9. Bxe4 Bxe5 10. dxe5 Qxd1 11. Rxd1 Nxe5 12. Bf4 f6 13. Bxe5 fxe5 14.
Rd5 Bf5 15. Rxe5 Bxe4 16. Rxe4 Rad8 17. Re2 Rf7 18. Rae1 Kf8 19. f3 Rfd7 20.
Kf2 Kf7 21. Re4 h6 22. Rb4 c5 23. Rf4+ Kg8 24. Rfe4 Kf7 25. h4 b6 26. R1e2 Rc7
27. h5 Rd6 28. g4 Rcd7 29. Kg3 Rd4 30. Re8 Rd2 31. R8e7+ Kf8 32. Rxd7 Rxe2 33.
Kf4 Rxc2 34. Kf5 Rxb2 35. Kg6 Re2 36. Rf7+ Ke8 37. Rxa7 c4 38. Rc7 b5 39. Rc5
Re7 40. Rxb5 Rc7 41. Rb8+ Ke7 42. Kxg7 c3 43. Rb1 c2 44. Rc1 1-0

[Event "GRE Masters Reserves"]
[Site "London"]
[Date "1973.12.19"]
[Round "8"]
[White "Clarke, Peter Hugh"]
[Black "McGrillen, Hugh"]
[Result "1-0"]
[WhiteElo "2360"]
[BlackElo "2290"]
[PlyCount "65"]
[EventDate "1973.12.11"]
[EventType "tourn"]
[EventRounds "9"]
[EventCountry "ENG"]
[SourceTitle "BritBase"]
[Source "John Saunders"]
[SourceDate "2021.07.20"]
[SourceVersion "1"]
[SourceVersionDate "2021.07.20"]
[SourceQuality "1"]

1. d4 Nf6 2. c4 e6 3. Nc3 Bb4 4. Qc2 d6 5. a3 Bxc3+ 6. Qxc3 O-O 7. Bg5 h6 8.
Bh4 Nbd7 9. e3 b6 10. Bd3 Bb7 11. f3 c5 12. Ne2 Rc8 13. O-O d5 14. cxd5 Nxd5
15. Qe1 N7f6 16. e4 Ne3 17. e5 Nxf1 18. exf6 g5 19. Kxf1 cxd4 20. Bf2 e5 21. h4
Qxf6 22. hxg5 hxg5 23. Ng3 Rc5 24. Ne4 Bxe4 25. Qxe4 Rfc8 26. Bg3 Qc6 27. Qh7+
Kf8 28. Re1 f6 29. Qh6+ Ke7 30. Qg7+ Kd8 31. Bf5 Rc7 32. Qf8+ Qe8 33. Qd6+ 1-0

[Event "GRE Masters Reserves"]
[Site "London"]
[Date "1973.12.19"]
[Round "8"]
[White "Nunn, John DM"]
[Black "Bohm, Hans"]
[Result "1-0"]
[WhiteElo "2300"]
[BlackElo "2250"]
[PlyCount "69"]
[EventDate "1973.12.11"]
[EventType "tourn"]
[EventRounds "9"]
[EventCountry "ENG"]
[SourceTitle "BritBase"]
[Source "John Saunders"]
[SourceDate "2021.07.20"]
[SourceVersion "1"]
[SourceVersionDate "2021.07.20"]
[SourceQuality "1"]

1. e4 Nf6 2. e5 Ng8 3. d4 d6 4. f4 g6 5. Bd3 Nh6 6. Nf3 Bg4 7. h3 Bxf3 8. Qxf3
d5 9. g4 e6 10. Be3 Nd7 11. c4 dxc4 12. Bxc4 c6 13. Nc3 Nb6 14. Bb3 Qd7 15.
O-O-O O-O-O 16. Kb1 Kb8 17. Rhf1 Nd5 18. Nxd5 cxd5 19. Bc2 Rc8 20. Bd3 Ng8 21.
f5 Ne7 22. fxe6 fxe6 23. Qf7 a6 24. Rf6 Rc6 25. Bd2 Kc8 26. Bb4 Kd8 27. Bd6 Bh6
28. Rxe6 Bg5 29. Rf1 Re8 30. a3 Kc8 31. Bc2 Rb6 32. Rf3 Rc6 33. Bb3 Rd8 34.
Rxe7 Bxe7 35. Qxe7 1-0

[Event "GRE Masters Reserves"]
[Site "London"]
[Date "1973.12.19"]
[Round "8"]
[White "Perkins, Alan H"]
[Black "Cafferty, Bernard"]
[Result "1/2-1/2"]
[WhiteElo "2305"]
[BlackElo "2355"]
[PlyCount "32"]
[EventDate "1973.12.11"]
[EventType "tourn"]
[EventRounds "9"]
[EventCountry "ENG"]
[SourceTitle "BritBase"]
[Source "John Saunders"]
[SourceDate "2021.07.20"]
[SourceVersion "1"]
[SourceVersionDate "2021.07.20"]
[SourceQuality "1"]

1. e4 Nf6 2. e5 Nd5 3. d4 d6 4. Nf3 g6 5. Bc4 Nb6 6. Bb3 Bg7 7. Ng5 d5 8. f4 f6
9. Nf3 a5 10. c3 Bf5 11. Be3 a4 12. Bc2 Nc4 13. Bc1 Qd7 14. Bxf5 Qxf5 15. Qe2
Qe4 16. Nbd2 Qxe2+ {Source: BC scoresheet} 1/2-1/2

[Event "GRE Masters Reserves"]
[Site "London"]
[Date "1973.12.20"]
[Round "9"]
[White "Cafferty, Bernard"]
[Black "Nunn, John DM"]
[Result "1/2-1/2"]
[WhiteElo "2355"]
[BlackElo "2300"]
[PlyCount "25"]
[EventDate "1973.12.11"]
[EventType "tourn"]
[EventRounds "9"]
[EventCountry "ENG"]
[SourceTitle "BritBase"]
[Source "John Saunders"]
[SourceDate "2021.07.20"]
[SourceVersion "1"]
[SourceVersionDate "2021.07.20"]
[SourceQuality "1"]

1. c4 Nf6 2. Nc3 e5 3. Nf3 Nc6 4. d4 exd4 5. Nxd4 Bb4 6. Bg5 h6 7. Bh4 Bxc3+ 8.
bxc3 d6 9. f3 O-O 10. e4 Ne5 11. Be2 Ng6 12. Bf2 b6 13. Qd2 {Source: BC
scoresheet. Scores: 1 J Nunn 7/9, 2 E Formanek 6, 3 A Perkins 51/2, 4-6 R
Bellin, P Clarke, J Grefe, 7-8 H Bohm, B Cafferty 4, 9-10 W Heidenfeld, H
MacGrillen 21/2.} 1/2-1/2

[Event "GRE Women's International"]
[Site "London"]
[Date "1973.12.14"]
[Round "4"]
[White "O'Siochru, Dorren"]
[Black "Cardoso, Ruth"]
[Result "1-0"]
[WhiteElo "1810"]
[BlackElo "2050"]
[PlyCount "65"]
[EventDate "1973.12.11"]
[EventType "tourn"]
[EventRounds "5"]
[EventCountry "ENG"]
[SourceTitle "BritBase"]
[Source "John Saunders"]
[SourceDate "2021.07.20"]
[SourceVersion "1"]
[SourceVersionDate "2021.07.20"]
[SourceQuality "1"]

1. e4 e5 2. Nf3 Nc6 3. Nc3 Nf6 4. Bb5 d6 5. d4 Bd7 6. O-O Be7 7. Re1 O-O 8.
Bxc6 Bxc6 9. dxe5 dxe5 10. Qxd8 Raxd8 11. Nxe5 Bxe4 12. Nxe4 Nxe4 13. Nd3 f5
14. f3 Bc5+ 15. Nxc5 Nxc5 16. Bg5 Rd7 17. Be7 b6 18. Bxf8 Kxf8 19. Rad1 Rxd1
20. Rxd1 Ke7 21. Kf2 Nb7 22. h4 Nd6 23. h5 Kf6 24. g4 fxg4 25. fxg4 Ne4+ 26.
Ke3 Nd6 27. Kf4 a5 28. b3 b5 29. Rd5 Ke6 30. Rc5 Kd7 31. Rd5 Ke6 32. Rd1 Kf6
33. a4 1-0